[Event "IECC M email"]
[Site "IECC email"]
[Date "2001.04.07"]
[Round "?"]
[White "Vanderven, Tony"]
[Black "Lilja, Gunnar"]
[Result "0-1"]
[WhiteElo "1559"]
[BlackElo "1565"]
[PlyCount "74"]
[EventDate "2001.??.??"]
[EventType "tourn (corr)"]
[EventRounds "6"]
[SourceTitle "Corr 2008"]
[Source "ChessBase"]
[SourceDate "2008.06.24"]
[SourceVersion "1"]
[SourceVersionDate "2008.06.24"]
[SourceQuality "1"]

1. e4 e5 2. f4 exf4 3. Nf3 g5 4. h4 Nf6 5. hxg5 Nxe4 6. Qe2 Qe7 7. Nc3 Ng3 8. Qxe7+ Bxe7 9. Rh4 Nxf1 10. Kxf1 Nc6 11. Nd5 Bd8 12. d3 d6 13. Bxf4 Be6 14. Re1 Kd7 15. Ne3 Ne7 16. Rh6 c6 17. c4 Ng6 18. g3 Ba5 19. Re2 Rae8 20. d4 d5 21. cxd5 cxd5 22. Ne5+ Nxe5 23. Bxe5 Rhg8 24. Rc2 Rg6 25. Rxh7 Rxg5 26. Ke2 Rgg8 27. g4 Rc8 28. Rxc8 Rxc8 29. g5 Rg8 30. Bf6 b5 31. Ng2 Bc7 32. Kf3 a5 33. Nf4 Bd6 34. Ke3 Re8 35. Be5 Be7 36. Rg7 Bf8 37. Rg8 f6 0-1

[Event "IECC CL5-2001.07"]
[Site "IECC email"]
[Date "2001.03.12"]
[Round "?"]
[White "Lapena Bayo, Cosme"]
[Black "Vanderven, Tony"]
[Result "1-0"]
[WhiteElo "1544"]
[BlackElo "1529"]
[PlyCount "67"]
[EventDate "2001.??.??"]
[EventType "tourn (corr)"]
[EventRounds "4"]
[SourceTitle "Corr 2008"]
[Source "ChessBase"]
[SourceDate "2008.06.24"]
[SourceVersion "1"]
[SourceVersionDate "2008.06.24"]
[SourceQuality "1"]

1. e4 d6 2. d4 Nf6 3. Nc3 g6 4. Nf3 Bg7 5. Bc4 0-0 6. Qe2 Bg4 7. h3 Bxf3 8. Qxf3 Nc6 9. Be3 e5 10. d5 Nd4 11. Qd1 Nd7 12. 0-0 Nb6 13. Bd3 f5 14. exf5 Nxf5 15. Bxf5 gxf5 16. Re1 Qd7 17. Qf3 c5 18. dxc6 bxc6 19. Rad1 Nc4 20. Bc1 e4 21. Qg3 Rf6 22. Ne2 Rg6 23. Qb3 Qf7 24. Nf4 Rh6 25. Qg3 Nb6 26. b3 Nd5 27. c4 Nxf4 28. Qxf4 d5 29. cxd5 cxd5 30. Bb2 Re8 31. Bxg7 Kxg7 32. Re2 Re7 33. Red2 Rd7 34. Qe5+ 1-0

[Event "IECC CL5-2001.07"]
[Site "IECC email"]
[Date "2001.03.12"]
[Round "?"]
[White "Philipson, Ian"]
[Black "Vanderven, Tony"]
[Result "1/2-1/2"]
[WhiteElo "1570"]
[BlackElo "1556"]
[PlyCount "46"]
[EventDate "2001.??.??"]
[EventType "tourn (corr)"]
[EventRounds "4"]
[SourceTitle "Corr 2008"]
[Source "ChessBase"]
[SourceDate "2008.06.24"]
[SourceVersion "1"]
[SourceVersionDate "2008.06.24"]
[SourceQuality "1"]

1. e4 d6 2. d4 Nf6 3. Nc3 g6 4. Be3 c6 5. Qd2 b5 6. Bd3 Bg7 7. 0-0-0 Ng4 8. Nf3 Nxe3 9. Qxe3 0-0 10. e5 f5 11. h4 f4 12. Qd2 Bg4 13. Ne2 Bxf3 14. gxf3 dxe5 15. h5 Qd6 16. hxg6 hxg6 17. Rdg1 exd4 18. Rxg6 Rf6 19. Rxf6 Qxf6 20. Rg1 e5 21. Qa5 Qe7 22. Be4 a6 23. Rg6 Ra7 1/2-1/2

[Event "IECC CL5-2001.07"]
[Site "IECC email"]
[Date "2001.03.12"]
[Round "?"]
[White "Vanderven, Tony"]
[Black "Palmeri, Russ"]
[Result "1-0"]
[WhiteElo "1543"]
[BlackElo "1493"]
[PlyCount "51"]
[EventDate "2001.??.??"]
[EventType "tourn (corr)"]
[EventRounds "4"]
[SourceTitle "Corr 2008"]
[Source "ChessBase"]
[SourceDate "2008.06.24"]
[SourceVersion "1"]
[SourceVersionDate "2008.06.24"]
[SourceQuality "1"]

1. e4 e6 2. d4 d5 3. Nc3 Nf6 4. Bg5 Be7 5. e5 Nfd7 6. Bxe7 Qxe7 7. f4 0-0 8. Nf3 c5 9. Qd2 cxd4 10. Nxd4 f6 11. exf6 Qxf6 12. g3 Nc6 13. 0-0-0 Nb6 14. Nxc6 bxc6 15. a4 e5 16. a5 Nd7 17. Nxd5 Qd6 18. Qb4 Qxb4 19. Nxb4 c5 20. Bg2 cxb4 21. Bxa8 exf4 22. Bd5+ Kh8 23. gxf4 Nf6 24. Rhe1 Bg4 25. Rd2 Nxd5 26. Rxd5 1-0

[Event "IECC CL5-1999.20"]
[Site "IECC email"]
[Date "1999.07.19"]
[Round "?"]
[White "Mattila, Jarno"]
[Black "Vanderven, Tony"]
[Result "0-1"]
[WhiteElo "1521"]
[BlackElo "1584"]
[PlyCount "70"]
[EventDate "1999.??.??"]
[EventType "tourn (corr)"]
[EventRounds "4"]
[SourceTitle "Corr 2008"]
[Source "ChessBase"]
[SourceDate "2008.06.24"]
[SourceVersion "1"]
[SourceVersionDate "2008.06.24"]
[SourceQuality "1"]

1. e4 d6 2. d4 Nf6 3. Nc3 g6 4. f4 Bg7 5. Nf3 c5 6. dxc5 Qa5 7. Bb5+ Bd7 8. Bxd7+ Nbxd7 9. 0-0 Qxc5+ 10. Qd4 Nxe4 11. Qxc5 Ndxc5 12. Nd5 Rc8 13. c3 e6 14. Nb4 a5 15. Nc2 0-0 16. Be3 b5 17. Bd4 Nd3 18. Rab1 Nxf4 19. Bxg7 Kxg7 20. Rbd1 Ne2+ 21. Kh1 b4 22. Rde1 N2g3+ 23. hxg3 Nxg3+ 24. Kg1 Nxf1 25. Kxf1 bxc3 26. b4 axb4 27. Nxb4 Rc4 28. Nc2 Rb8 29. a3 Rb2 30. Rc1 e5 31. Nfe1 f5 32. Nd3 Kf7 33. Ne3 Rc8 34. Nd5 Rb3 35. Ke2 Rxa3 0-1

[Event "IECC CL5-1999.20"]
[Site "IECC email"]
[Date "1999.07.19"]
[Round "?"]
[White "Vanderven, Tony"]
[Black "Mullins, Niki"]
[Result "1-0"]
[WhiteElo "1484"]
[BlackElo "1470"]
[PlyCount "33"]
[EventDate "1999.??.??"]
[EventType "tourn (corr)"]
[EventRounds "4"]
[SourceTitle "Corr 2008"]
[Source "ChessBase"]
[SourceDate "2008.06.24"]
[SourceVersion "1"]
[SourceVersionDate "2008.06.24"]
[SourceQuality "1"]

1. e4 Nf6 2. e5 Nd5 3. d4 d6 4. Nf3 g6 5. Bc4 Nb6 6. Bb3 Bg7 7. Ng5 e6 8. Qf3 Qe7 9. Ne4 dxe5 10. Bg5 Qb4+ 11. c3 Qa5 12. Bf6 Bxf6 13. Qxf6 0-0 14. Qxe5 Qxe5 15. dxe5 Nc6 16. f4 f5 17. Nf6+ 1-0

[Event "IECC Swiss email"]
[Site "IECC email"]
[Date "1999.07.16"]
[Round "?"]
[White "Vanderven, Tony"]
[Black "Galvin, John H"]
[Result "0-1"]
[WhiteElo "1533"]
[BlackElo "2015"]
[PlyCount "30"]
[EventDate "1999.??.??"]
[EventType "tourn (corr)"]
[EventRounds "6"]
[SourceTitle "Corr 2008"]
[Source "ChessBase"]
[SourceDate "2008.06.24"]
[SourceVersion "1"]
[SourceVersionDate "2008.06.24"]
[SourceQuality "1"]

1. e4 Nc6 2. Nf3 d6 3. d4 Bg4 4. Bb5 a6 5. Ba4 b5 6. Bb3 Nf6 7. c3 e5 8. Be3 Na5 9. Nbd2 Nxb3 10. Qxb3 exd4 11. cxd4 c5 12. a4 c4 13. Qc2 Be7 14. 0-0 0-0 15. h3 Bd7 0-1

[Event "IECC Swiss email"]
[Site "IECC email"]
[Date "1999.07.13"]
[Round "?"]
[White "Vanderven, Tony"]
[Black "Rozanski, Robert"]
[Result "0-1"]
[WhiteElo "1598"]
[BlackElo "1356"]
[PlyCount "28"]
[EventDate "1999.??.??"]
[EventType "tourn (corr)"]
[EventRounds "6"]
[SourceTitle "Corr 2008"]
[Source "ChessBase"]
[SourceDate "2008.06.24"]
[SourceVersion "1"]
[SourceVersionDate "2008.06.24"]
[SourceQuality "1"]

1. e4 d6 2. d4 Nf6 3. Bd3 e5 4. c3 d5 5. dxe5 dxe4 6. Bb5+ c6 7. Qxd8+ Kxd8 8. Bc4 Ng4 9. f4 Bc5 10. Ne2 Nf2 11. Rf1 Nd3+ 12. Bxd3 exd3 13. Ng3 b6 14. Nd2 Kc7 0-1

[Event "IECC Swiss email"]
[Site "IECC email"]
[Date "1999.06.11"]
[Round "?"]
[White "Vanderven, Tony"]
[Black "Karlsson, Roger"]
[Result "1-0"]
[WhiteElo "1583"]
[BlackElo "1009"]
[PlyCount "83"]
[EventDate "1999.??.??"]
[EventType "tourn (corr)"]
[EventRounds "6"]
[SourceTitle "Corr 2008"]
[Source "ChessBase"]
[SourceDate "2008.06.24"]
[SourceVersion "1"]
[SourceVersionDate "2008.06.24"]
[SourceQuality "1"]

1. e4 c5 2. Nf3 d6 3. d4 cxd4 4. Nxd4 Nf6 5. Nc3 g6 6. Be3 Bg7 7. f3 0-0 8. Qd2 a6 9. Bc4 d5 10. Nxd5 Nxd5 11. Bxd5 e6 12. Bb3 e5 13. Ne2 Qxd2+ 14. Bxd2 Be6 15. Bxe6 fxe6 16. 0-0-0 Nc6 17. Be3 Rac8 18. Rd7 Rf7 19. Rd6 Re7 20. Bg5 Rec7 21. Rd2 Nd4 22. c3 b5 23. Kb1 Nxe2 24. Rxe2 Rd7 25. Rd2 Rxd2 26. Bxd2 Rd8 27. Kc2 a5 28. a4 b4 29. cxb4 Rc8+ 30. Kb3 Rb8 31. b5 Rc8 32. Bxa5 Bf8 33. Rd1 Kf7 34. Rd7+ Kg8 35. b6 Rb8 36. b7 h5 37. Bb6 Bd6 38. Rxd6 Rxb7 39. a5 Kf7 40. a6 Rb8 41. a7 Ra8 42. Rd8 1-0

[Event "IECC Swiss email"]
[Site "IECC email"]
[Date "1999.04.11"]
[Round "?"]
[White "Barrer, Michel"]
[Black "Vanderven, Tony"]
[Result "1/2-1/2"]
[WhiteElo "1286"]
[BlackElo "1543"]
[PlyCount "86"]
[EventDate "1999.??.??"]
[EventType "tourn (corr)"]
[EventRounds "6"]
[SourceTitle "Corr 2008"]
[Source "ChessBase"]
[SourceDate "2008.06.24"]
[SourceVersion "1"]
[SourceVersionDate "2008.06.24"]
[SourceQuality "1"]

1. c4 Nf6 2. Nc3 g6 3. g3 Bg7 4. Nf3 0-0 5. Bg2 d6 6. d3 c5 7. 0-0 Nc6 8. Rb1 Ng4 9. Qc2 Nge5 10. Nxe5 Nxe5 11. a3 Nc6 12. Bxc6 bxc6 13. Be3 a5 14. Qd2 Bh3 15. Rfe1 Re8 16. Bh6 Bh8 17. f3 Be6 18. Kg2 Qb6 19. b3 Reb8 20. e4 Qa7 21. a4 Rb6 22. Ne2 Rab8 23. Nc1 Rb4 24. Qc2 Qb7 25. Qa2 Bc3 26. Re2 Qc7 27. Qc2 Bd4 28. Bd2 R4b7 29. Bc3 Bxc3 30. Qxc3 Bd7 31. e5 d5 32. Qd2 Be6 33. Ra1 Rd8 34. Qh6 Bf5 35. h4 Rf8 36. g4 Bd7 37. h5 e6 38. Raa2 Qd8 39. Kg3 Qe7 40. Rac2 Rb4 41. Rb2 Rfb8 42. Rh2 Rf8 43. Qd2 Ra8 1/2-1/2

[Event "IECC Swiss email"]
[Site "IECC email"]
[Date "1999.01.24"]
[Round "?"]
[White "Hutton, Andrew D"]
[Black "Vanderven, Tony"]
[Result "0-1"]
[WhiteElo "1031"]
[BlackElo "1491"]
[PlyCount "52"]
[EventDate "1999.??.??"]
[EventType "tourn (corr)"]
[EventRounds "6"]
[SourceTitle "Corr 2008"]
[Source "ChessBase"]
[SourceDate "2008.06.24"]
[SourceVersion "1"]
[SourceVersionDate "2008.06.24"]
[SourceQuality "1"]

1. e4 d6 2. Nf3 Nf6 3. Nc3 g6 4. d4 Bg7 5. Be2 0-0 6. Be3 c6 7. Qd2 Re8 8. 0-0-0 Ng4 9. h3 Nxe3 10. fxe3 b5 11. d5 b4 12. Nb1 c5 13. Nh2 a5 14. Rdf1 Ba6 15. Bxa6 Nxa6 16. Rf3 c4 17. Qf2 f6 18. c3 Nc5 19. Qh4 Qb6 20. Rd1 Nd3+ 21. Rxd3 cxd3 22. Nf1 bxc3 23. Nxc3 Rec8 24. Qe1 Rab8 25. Rf2 f5 26. Ng3 Bxc3 0-1

[Event "IECC Swiss email"]
[Site "IECC email"]
[Date "1998.11.27"]
[Round "1"]
[White "Torre, Isidro"]
[Black "Vanderven, Tony"]
[Result "1-0"]
[WhiteElo "1909"]
[BlackElo "1471"]
[PlyCount "59"]
[EventDate "1998.??.??"]
[EventType "tourn (corr)"]
[EventRounds "6"]
[SourceTitle "Corr 2008"]
[Source "ChessBase"]
[SourceDate "2008.06.24"]
[SourceVersion "1"]
[SourceVersionDate "2008.06.24"]
[SourceQuality "1"]

1. d4 Nf6 2. f3 g6 3. e4 Bg7 4. Nc3 d6 5. Be3 0-0 6. Qd2 Re8 7. 0-0-0 e5 8. d5 Nbd7 9. g4 Nc5 10. h4 a6 11. h5 b5 12. hxg6 fxg6 13. Nge2 Re7 14. Ng3 b4 15. Nb1 Rb8 16. Qf2 Rf7 17. Bxc5 dxc5 18. Qxc5 Nd7 19. Qf2 Bf6 20. Nd2 Qf8 21. Kb1 Nb6 22. Nc4 Nxc4 23. Bxc4 Qd6 24. Qe3 Be7 25. Rd2 Bf8 26. Rdh2 Bd7 27. Ne2 Be7 28. f4 Bf6 29. g5 exf4 30. Qa7 1-0

[Event "IECC Swiss email"]
[Site "IECC email"]
[Date "1998.11.27"]
[Round "1"]
[White "Vanderven, Tony"]
[Black "Gustafsson, Lars"]
[Result "0-1"]
[WhiteElo "1511"]
[BlackElo "1809"]
[PlyCount "66"]
[EventDate "1998.??.??"]
[EventType "tourn (corr)"]
[EventRounds "6"]
[SourceTitle "Corr 2008"]
[Source "ChessBase"]
[SourceDate "2008.06.24"]
[SourceVersion "1"]
[SourceVersionDate "2008.06.24"]
[SourceQuality "1"]

1. e4 e5 2. Nf3 Nc6 3. Bb5 a6 4. Ba4 b5 5. Bb3 Na5 6. 0-0 Nxb3 7. axb3 d6 8. d4 exd4 9. Qxd4 Bb7 10. c4 Nf6 11. Bg5 Be7 12. Re1 0-0 13. e5 dxe5 14. Qxe5 Re8 15. Nbd2 h6 16. Bh4 Qd7 17. c5 Nd5 18. Bxe7 Rxe7 19. Qd4 Rae8 20. b4 Qf5 21. Rxe7 Rxe7 22. Re1 Rxe1+ 23. Nxe1 Nf4 24. Qe3 Ne6 25. Nef3 Qg4 26. Qb3 Ng5 27. Qc3 Nxf3+ 28. Nxf3 Bxf3 29. Qxf3 Qxb4 30. h3 Qxb2 31. Qc6 Qe5 32. Qa8+ Kh7 33. Qc6 b4 0-1

[Event "IECC Swiss email"]
[Site "IECC email"]
[Date "1998.11.27"]
[Round "1"]
[White "Vanderven, Tony"]
[Black "Levy, Yehuda"]
[Result "1-0"]
[WhiteElo "1420"]
[BlackElo "1109"]
[PlyCount "101"]
[EventDate "1998.??.??"]
[EventType "tourn (corr)"]
[EventRounds "6"]
[SourceTitle "Corr 2008"]
[Source "ChessBase"]
[SourceDate "2008.06.24"]
[SourceVersion "1"]
[SourceVersionDate "2008.06.24"]
[SourceQuality "1"]

1. e4 e5 2. Nf3 Nc6 3. Bb5 a6 4. Ba4 Nf6 5. 0-0 Be7 6. Re1 b5 7. Bb3 0-0 8. c3 d6 9. h3 a5 10. d4 a4 11. Bc2 exd4 12. cxd4 Nb4 13. Nc3 Nxc2 14. Qxc2 b4 15. Nxa4 Bd7 16. b3 Bxa4 17. bxa4 Qd7 18. Bd2 Rxa4 19. d5 Rfa8 20. Qb3 c5 21. dxc6 Qxc6 22. e5 Ne4 23. Bxb4 Rb8 24. a3 d5 25. Nd4 Qb6 26. Qxd5 Rd8 27. Qxe4 Rxd4 28. Qc2 Ra7 29. Bxe7 Rxe7 30. Re3 g6 31. Qc3 Rc7 32. Qb3 Qxb3 33. Rxb3 Re4 34. Rb5 Re7 35. a4 R4xe5 36. Rxe5 Rxe5 37. a5 Re7 38. a6 Ra7 39. Kh2 Kg7 40. Kg3 Kf6 41. Ra5 h6 42. h4 Ke6 43. Kf4 f6 44. g4 Kd6 45. Ke4 Re7+ 46. Kd4 Ra7 47. f4 Kc6 48. Ke4 Kd6 49. Kd4 Kc6 50. g5 hxg5 51. hxg5 1-0

[Event "IECC Swiss email"]
[Site "IECC email"]
[Date "1998.11.27"]
[Round "1"]
[White "Vanderven, Tony"]
[Black "Richard, Andy"]
[Result "1-0"]
[WhiteElo "1422"]
[BlackElo "979"]
[PlyCount "101"]
[EventDate "1998.??.??"]
[EventType "tourn (corr)"]
[EventRounds "6"]
[SourceTitle "Corr 2008"]
[Source "ChessBase"]
[SourceDate "2008.06.24"]
[SourceVersion "1"]
[SourceVersionDate "2008.06.24"]
[SourceQuality "1"]

1. e4 e5 2. Nf3 Nc6 3. Bb5 a6 4. Ba4 Nf6 5. 0-0 Be7 6. Re1 b5 7. Bb3 d6 8. c3 0-0 9. h3 Na5 10. Bc2 c5 11. d4 Qc7 12. Nbd2 cxd4 13. cxd4 Bb7 14. d5 Rac8 15. Bd3 Nd7 16. Nf1 Nc4 17. Ng3 g6 18. b3 Ncb6 19. Bh6 Rfd8 20. Rc1 Qb8 21. Qd2 Nc5 22. Bb1 Nbd7 23. Ng5 f6 24. b4 Na4 25. Ne6 Nf8 26. Nxd8 Bxd8 27. f4 Nd7 28. Bd3 Bb6+ 29. Kh1 Rd8 30. h4 exf4 31. Qxf4 Re8 32. h5 g5 33. Qf5 Re7 34. Bxg5 fxg5 35. Qxg5+ Rg7 36. Qf4 Ne5 37. Be2 Nb2 38. Rc3 Bd4 39. Rb3 Rf7 40. Nf5 Kh8 41. Rg3 Qf8 42. Qg5 Bf2 43. Nxd6 Bxg3 44. Nxf7+ Nxf7 45. Qxg3 Qe8 46. h6 Nxh6 47. Qc3+ Kg8 48. Rf1 Na4 49. Qf6 Nf7 50. Bh5 Bc8 51. Bxf7+ 1-0

[Event "IECC CL5-1999.01"]
[Site "IECC email"]
[Date "1998.11.26"]
[Round "?"]
[White "Vanderven, Tony"]
[Black "Neumann, Ulrich"]
[Result "1/2-1/2"]
[WhiteElo "1420"]
[BlackElo "1472"]
[PlyCount "87"]
[EventDate "1999.??.??"]
[EventType "tourn (corr)"]
[EventRounds "4"]
[SourceTitle "Corr 2008"]
[Source "ChessBase"]
[SourceDate "2008.06.24"]
[SourceVersion "1"]
[SourceVersionDate "2008.06.24"]
[SourceQuality "1"]

1. e4 e6 2. d4 d5 3. Nc3 Bb4 4. e5 c5 5. a3 cxd4 6. axb4 dxc3 7. Nf3 Qc7 8. Qd4 cxb2 9. Bxb2 Ne7 10. Bd3 b6 11. b5 Nd7 12. Ba3 Nc5 13. 0-0 Bb7 14. Qg4 Nxd3 15. cxd3 Ng6 16. Rac1 Qd7 17. Bd6 Rc8 18. Rxc8+ Qxc8 19. Nh4 Ba8 20. Nxg6 hxg6 21. Qg5 Qd8 22. Qxd8+ Kxd8 23. Rc1 Rh4 24. Rc7 Ra4 25. f3 a6 26. bxa6 Rxa6 27. Rxf7 d4 28. Rxg7 Bd5 29. Rxg6 Kd7 30. Rg4 Ra4 31. h4 Ba2 32. h5 Bb1 33. h6 Bxd3 34. Rg7+ Kc6 35. h7 Ra8 36. Rg8 Ra1+ 37. Kh2 Bxh7 38. Rg7 d3 39. Bb4 Rb1 40. Bc3 Rc1 41. Bb4 Rc4 42. Be1 Rc1 43. Bb4 Rc4 44. Be1 1/2-1/2

[Event "IECC Swiss email"]
[Site "IECC email"]
[Date "1998.11.16"]
[Round "?"]
[White "Zurowski, Dennis"]
[Black "Vanderven, Tony"]
[Result "0-1"]
[WhiteElo "1318"]
[BlackElo "1577"]
[PlyCount "96"]
[EventDate "1998.??.??"]
[EventType "tourn (corr)"]
[EventRounds "6"]
[SourceTitle "Corr 2008"]
[Source "ChessBase"]
[SourceDate "2008.06.24"]
[SourceVersion "1"]
[SourceVersionDate "2008.06.24"]
[SourceQuality "1"]

1. e4 e5 2. d4 exd4 3. Qxd4 Nc6 4. Qe3 Nf6 5. Nc3 Bb4 6. Bd2 0-0 7. a3 Ba5 8. Bc4 Re8 9. b4 Bb6 10. Qf4 d5 11. Bd3 dxe4 12. Be2 Bd4 13. Rd1 Qe7 14. Qg5 a5 15. b5 Ne5 16. Qg3 Neg4 17. Bxg4 Nxg4 18. Nd5 Qc5 19. Ne3 Nxe3 20. Bxe3 Bxe3 21. Qxe3 Qxb5 22. Ne2 Bg4 23. h3 Bxe2 24. Qxe2 Qc5 25. 0-0 Qxa3 26. Qc4 Qe7 27. Rfe1 a4 28. Rd4 a3 29. Rdd1 b6 30. Ra1 Qc5 31. Rxe4 Qxc4 32. Rxc4 c5 33. Ra2 Ra6 34. Kh2 f5 35. Kg3 Kf7 36. Rc3 Rea8 37. f4 Ke6 38. Re3+ Kd6 39. c4 Ra4 40. Rd2+ Kc6 41. Re6+ Kb7 42. Ra2 Rxc4 43. Re7+ Kc6 44. Rxg7 b5 45. Rxh7 b4 46. Rh6+ Kb5 47. Rh7 Rc3+ 48. Kh4 b3 0-1

[Event "IECC CL4-1999.01"]
[Site "IECC email"]
[Date "1998.11.??"]
[Round "?"]
[White "Vanderven, Tony"]
[Black "Carless, David"]
[Result "0-1"]
[WhiteElo "1407"]
[BlackElo "1708"]
[PlyCount "104"]
[EventDate "1999.??.??"]
[EventType "tourn (corr)"]
[EventRounds "4"]
[SourceTitle "Corr 2008"]
[Source "ChessBase"]
[SourceDate "2008.06.24"]
[SourceVersion "1"]
[SourceVersionDate "2008.06.24"]
[SourceQuality "1"]

1. e4 c6 2. d4 d5 3. exd5 cxd5 4. c4 Nc6 5. Nc3 e5 6. dxe5 dxc4 7. Qxd8+ Kxd8 8. Bg5+ Ke8 9. Bxc4 Nxe5 10. Bb5+ Bd7 11. Nge2 Bxb5 12. Nxb5 Rc8 13. 0-0 Rc5 14. Nxa7 Nf3+ 15. gxf3 Rxg5+ 16. Ng3 Bc5 17. Rfe1+ Ne7 18. Nc8 Kd7 19. Nxe7 Bxe7 20. Rad1+ Bd6 21. Re3 Rg6 22. Red3 Kc7 23. f4 Bxf4 24. Rd7+ Kc6 25. Rxf7 Be5 26. b3 Re8 27. f4 Bd6 28. Rc1+ Kb6 29. Kf1 Ree6 30. Rc4 Ref6 31. Rxf6 Rxf6 32. Ne2 g5 33. Kg2 gxf4 34. Kf3 Rh6 35. Rd4 Bc5 36. Re4 Rxh2 37. Kxf4 Rh4+ 38. Kf3 Rxe4 39. Kxe4 h5 40. Nf4 h4 41. Kf3 Bd6 42. Nh3 Kc5 43. Ke4 Kb4 44. Kd3 Ka3 45. Kc4 Kxa2 46. b4 Kb2 47. b5 Kc2 48. Kd5 Ba3 49. Kc4 Bc1 50. Kc5 Kd2 51. Kd4 Ke2 52. Ke4 Be3 0-1

[Event "IECC CL5-1998.23"]
[Site "IECC email"]
[Date "1998.10.22"]
[Round "?"]
[White "Vanderven, Tony"]
[Black "MacDonald, Weldon"]
[Result "0-1"]
[WhiteElo "1409"]
[BlackElo "1550"]
[PlyCount "70"]
[EventDate "1998.??.??"]
[EventType "tourn (corr)"]
[EventRounds "4"]
[SourceTitle "Corr 2008"]
[Source "ChessBase"]
[SourceDate "2008.06.24"]
[SourceVersion "1"]
[SourceVersionDate "2008.06.24"]
[SourceQuality "1"]

1. e4 c6 2. d4 d5 3. Nc3 g6 4. h3 Bg7 5. Nf3 dxe4 6. Nxe4 e5 7. Be3 f5 8. Nc5 e4 9. Ng5 Qe7 10. Bc4 Nf6 11. Nge6 Nd5 12. Nxg7+ Qxg7 13. Bxd5 cxd5 14. Qd2 b6 15. Bh6 Qf7 16. Nb3 Nc6 17. 0-0 Ba6 18. Rfe1 Nd8 19. Qf4 Rg8 20. f3 Ne6 21. Qe5 0-0-0 22. Re3 Rge8 23. Rc3+ Kb7 24. a4 g5 25. fxe4 fxe4 26. Bxg5 Nxg5 27. Qxg5 Rg8 28. Qe3 Rd6 29. Kh2 Rf6 30. Rg1 Rf2 31. Kh1 Bf1 32. g4 Qf3+ 33. Qxf3 exf3 34. Rg3 Bg2+ 35. Kh2 Re8 0-1

[Event "IECC CL5-1998.20"]
[Site "IECC email"]
[Date "1998.10.06"]
[Round "?"]
[White "Magalhaes, Joao Flavio"]
[Black "Vanderven, Tony"]
[Result "1/2-1/2"]
[WhiteElo "1579"]
[BlackElo "1399"]
[PlyCount "76"]
[EventDate "1998.??.??"]
[EventType "tourn (corr)"]
[EventRounds "4"]
[SourceTitle "Corr 2008"]
[Source "ChessBase"]
[SourceDate "2008.06.24"]
[SourceVersion "1"]
[SourceVersionDate "2008.06.24"]
[SourceQuality "1"]

1. d4 Nf6 2. c4 e6 3. Nc3 Bb4 4. Nf3 c5 5. e3 0-0 6. Be2 Ne4 7. Bd2 Nxd2 8. Qxd2 d5 9. cxd5 cxd4 10. Qxd4 Bxc3+ 11. Qxc3 Qxd5 12. 0-0 Qc6 13. Qb3 Nd7 14. Rac1 Qb6 15. Qxb6 Nxb6 16. Rfd1 Nd5 17. e4 Nf6 18. Rd4 Bd7 19. Ne5 Rac8 20. Rxc8 Bxc8 21. f4 b6 22. g4 Bb7 23. Bf3 Rc8 24. g5 Ne8 25. Nxf7 Bxe4 26. Bxe4 Kxf7 27. Bxh7 Rc7 28. Bd3 g6 29. b4 Ng7 30. b5 Nf5 31. Bxf5 exf5 32. a4 Rc1+ 33. Kf2 Ke7 34. Kg3 Rc3+ 35. Kg2 Rc2+ 36. Kg3 Rc3+ 37. Kf2 Rc2+ 38. Kg1 Rc1+ 1/2-1/2

[Event "IECC CL5-1998.20"]
[Site "IECC email"]
[Date "1998.10.04"]
[Round "?"]
[White "Vanderven, Tony"]
[Black "Mikishev, Alexander"]
[Result "0-1"]
[WhiteElo "1396"]
[BlackElo "1319"]
[PlyCount "40"]
[EventDate "1998.??.??"]
[EventType "tourn (corr)"]
[EventRounds "4"]
[SourceTitle "Corr 2008"]
[Source "ChessBase"]
[SourceDate "2008.06.24"]
[SourceVersion "1"]
[SourceVersionDate "2008.06.24"]
[SourceQuality "1"]

1. Nf3 d5 2. d4 Nf6 3. c4 dxc4 4. Qa4+ Nbd7 5. Nc3 e6 6. e4 a6 7. Bxc4 c5 8. Be3 cxd4 9. Bxd4 Rb8 10. Ba7 b5 11. Bxb5 axb5 12. Nxb5 Rb7 13. Nfd4 Nxe4 14. Nc6 Qg5 15. Qxe4 Qxb5 16. Rc1 Qxb2 17. 0-0 Nf6 18. Rfd1 Qxc1 19. Rxc1 Nxe4 20. Bd4 Bd7 0-1

[Event "IECC Swiss email"]
[Site "IECC email"]
[Date "1998.09.26"]
[Round "?"]
[White "Watson, Roger E"]
[Black "Vanderven, Tony"]
[Result "1/2-1/2"]
[WhiteElo "1616"]
[BlackElo "1402"]
[PlyCount "74"]
[EventDate "1998.??.??"]
[EventType "tourn (corr)"]
[EventRounds "6"]
[SourceTitle "Corr 2008"]
[Source "ChessBase"]
[SourceDate "2008.06.24"]
[SourceVersion "1"]
[SourceVersionDate "2008.06.24"]
[SourceQuality "1"]

1. e4 d6 2. d4 Nf6 3. f3 c5 4. d5 e6 5. Nc3 Be7 6. Bc4 a6 7. a4 0-0 8. Nge2 h6 9. 0-0 e5 10. Be3 Nh7 11. Qd2 f5 12. Rfb1 f4 13. Bf2 Bh4 14. Nd1 Bxf2+ 15. Nxf2 h5 16. b4 Nd7 17. a5 g5 18. Nd3 g4 19. Ne1 Ng5 20. Kh1 Nf6 21. Nc3 Kh8 22. bxc5 gxf3 23. gxf3 Rg8 24. Qe2 Nh3 25. Ng2 Rg7 26. cxd6 Qxd6 27. Rb6 Qf8 28. Rd1 Bg4 29. Rf1 Rd8 30. fxg4 hxg4 31. Nh4 g3 32. Qg2 Ng5 33. Rxb7 Ng4 34. hxg3 Rd6 35. Rxg7 Qxg7 36. Nf5 Qh7+ 37. Kg1 Nh3+ 1/2-1/2

[Event "IECC Trio 613 email"]
[Site "IECC email"]
[Date "1998.09.11"]
[Round "?"]
[White "Van der Merwe, Francois"]
[Black "Vanderven, Tony"]
[Result "0-1"]
[WhiteElo "1359"]
[BlackElo "1389"]
[PlyCount "62"]
[EventDate "1998.??.??"]
[EventType "tourn (corr)"]
[EventRounds "4"]
[SourceTitle "Corr 2008"]
[Source "ChessBase"]
[SourceDate "2008.06.24"]
[SourceVersion "1"]
[SourceVersionDate "2008.06.24"]
[SourceQuality "1"]

1. e4 e5 2. Nf3 Nf6 3. d3 Nc6 4. Bg5 Be7 5. Be2 0-0 6. 0-0 h6 7. Bh4 d5 8. exd5 Nxd5 9. Nc3 Nxc3 10. bxc3 Bxh4 11. Rb1 Re8 12. d4 e4 13. Nd2 e3 14. fxe3 Rxe3 15. Bd3 Qg5 16. Be4 Bh3 17. Kh1 Bg4 18. Nf3 Bxf3 19. Rxf3 Re1+ 20. Qxe1 Bxe1 21. Rxe1 Re8 22. Rfe3 Kf8 23. R3e2 f5 24. Rf1 g6 25. Bd3 Rxe2 26. Bxe2 Qe3 27. Bd3 Ne7 28. Rf3 Qe1+ 29. Bf1 Nd5 30. c4 Ne3 31. Kg1 Nxc2 0-1